ढोला मारू रा दूहा (Record no. 1502)
[ view plain ]
| 000 -LEADER | |
|---|---|
| fixed length control field | 01234 a2200217 4500 |
| 005 - DATE AND TIME OF LATEST TRANSACTION | |
| control field | 20080909125425.0 |
| 008 - FIXED-LENGTH DATA ELEMENTS--GENERAL INFORMATION | |
| fixed length control field | 080909t xxu||||| |||| 00| 0 hin d |
| 010 ## - LIBRARY OF CONGRESS CONTROL NUMBER | |
| LC control number | HIN-79296 |
| 020 ## - INTERNATIONAL STANDARD BOOK NUMBER | |
| Terms of availability | 300.00 |
| 035 ## - SYSTEM CONTROL NUMBER | |
| System control number | HN-51642 |
| 037 ## - SOURCE OF ACQUISITION | |
| Source of stock number/acquisition | D.B.Act / ven |
| 082 ## - DEWEY DECIMAL CLASSIFICATION NUMBER | |
| Classification number | 808.8144 |
| 245 ## - TITLE STATEMENT | |
| Title | ढोला मारू रा दूहा |
| Remainder of title | (राजस्थानी लोकगाथाः मूल एवं टीका सहित) |
| Statement of responsibility, etc | संपादक कृष्णकुमार शर्मा |
| 260 ## - PUBLICATION, DISTRIBUTION, ETC. (IMPRINT) | |
| Place of publication, distribution, etc | जयपुर |
| Name of publisher, distributor, etc | काँलेज बुक डिपो |
| Date of publication, distribution, etc | 2006 |
| 260 ## - PUBLICATION, DISTRIBUTION, ETC. (IMPRINT) | |
| Place of publication, distribution, etc | नई दिल्ली (वितरक) विश्वभारती पब्लिकेशन्स |
| 270 ## - ADDRESS | |
| Address | 83,त्रिपोलिया बाजार |
| City | जयपुर |
| 270 ## - ADDRESS | |
| Address | 4378/4बी, अंसारी रोड, दरियागंज |
| 300 ## - PHYSICAL DESCRIPTION | |
| Extent | 158पृ |
| Dimensions | 22 सेमी (सजिल्द) |
| 942 ## - ADDED ENTRY ELEMENTS (KOHA) | |
| Institution code [OBSOLETE] | dpl |
| Koha item type | Hindi Books |
| Call number prefix | 808.8144 / ढोलामा |
| Source of classification or shelving scheme | Dewey Decimal Classification |
| Classification part | 808.8144 |
| Call number suffix | ढोलामा |
| Withdrawn status | Lost status | Damaged status | Not for loan | Home library | Current library | Date acquired | Cost, normal purchase price | Total Checkouts | Full call number | Barcode | Date last seen | Copy number | Uniform Resource Identifier | Cost, replacement price | Price effective from | Koha item type |
|---|---|---|---|---|---|---|---|---|---|---|---|---|---|---|---|---|
| D.B.Act.Division | D.B.Act.Division | 09/09/2008 | 300.00 | 808.8144 ढोलामा | HN-51642 | 15/09/2008 | 1 | 1579 | 300.00 | 15/09/2008 | Hindi Books |
